Statistiken für Champions League Topscorer 2012/13

Klicken Sie hier um das Quiz zu spielen!

Allgemein

  • Dieses Quiz wurde 64 mal gespielt
    (62 seit der letzten Aktualisierung)
  • Das Durchschnittsergebnis liegt bei 10 aus 20

Antwortstatistiken

RangNationVereinToreAntwort% Korrekt
1PortugalReal Madrid12Cristiano Ronaldo
100%
3ArgentinienBarcelona8Lionel Messi
100%
2PolenBVB10Robert Lewandowski
100%
3DeutschlandBayern München8Thomas Müller
96%
6FrankreichReal Madrid5Karim Benzema
90%
11DeutschlandBVB4Marco Reus
85%
11NiederlandeBayern München4Arjen Robben
83%
11NiederlandeSchalke 044Klaas-Jan Huntelaar
83%
11PeruBayern München4Claudio Pizarro
73%
11DeutschlandArsenal4Lukas Podolski
62%
3TürkeiGalatasaray8Burak Yilmaz
42%
11BrasilienShakhtar Donetsk4Willian
37%
6ArgentinienParis Saint-Germain5Ezequiel Lavezzi
23%
6BrasilienChelsea5Oscar
21%
11SpanienValencia4Soldado
12%
6BrasilienValencia5Jonas
8%
11GriechenlandOlympiakos Piräus4Kostas Mitroglou
8%
11PortugalMalaga4Eliseu
4%
11ItalienJuventus4Fabio Quagliarella
4%
6BrasilienSporting Braga5Alan
0%

Verteilung der Resultate

Perzentil nach korrekt beantworteten Fragen

Anzahl Personen mit jedem Resultat

Ihre Resultats-Entwicklung

Sie haben dieses Quiz seit der letzten Aktualisierung nicht gespielt